000 00844nam a2200265Ia 4500
003 OSt
005 20220925204817.0
006 a|||||r|||| 00| 0
007 ta
008 220923b |||||||| |||| 00| 0 eng d
020 _c110.00
037 _b2936, 17/08/1987, Shipra
_cGeneral Book
040 _aRTL
_cRTL
_beng
041 _2eng
_aeng
082 _aX91:77.27.N8, M7
100 _aMali D D
_9268994
245 0 _aIndustrial development in North East India
260 _aGuwahati
_bOmsons Publishers India
_c1987
300 _axx,179p
_ccm.
490 _aNational Institute of Small Industry Extension Training, publication
650 _aIndustrial Economics
700 _a Deka P
_9268995
942 _hX91:77.27.N8, M7
_cGB
_2CC
999 _c550475
_d550475